000 02767nam a22003257a 4500
003 OSt
005 20260420133031.0
008 260417t2018 xxu||||| |||| 00| 0 eng d
020 _a9783319620619
020 _a9783319620596
040 _aUnicoc
_bspa
_c00001
_d00001
082 _a617.522
100 _913001
_aScarfe, William C.
245 _aMaxillofacial cone beam computed tomography
_c/ William C. Scarfe, Christos Angelopoulos
250 _a1 Ed.
260 _aSuiza :
_bSpringer ,
_c2018
300 _a1241 páginas
_bIlustraciones, diagramas, tablas, gráficas
500 _aIncluye referencias bibliográficas
505 _tPart I. Fundamentals of CBCT. --
_t1: Historical perspectives on CBCT. --
_t2. What is CBCT and how does it work?. --
_t3. Image processing and visualization techniques. --
_t4. Image quality. --
_tPart II. CBCT in daily clinical practice. --
_t5. CBCT use in daily practice. --
_t6. Ethical and medicolegal issues related to CBCT. --
_t7. CBCT quality Assurance. --
_t8. Radiation dose, risks, and protection in CBCT. --
_tPart III. Regional maxillofacial imaging. --
_t9. The Skull. --
_t10. The jaws, oral cavity, and nasopharynx. --
_t11. Neck and cervical spine. --
_t12. Anatomy of the nose and paranasal sinuses. --
_t13. The upper airway. --
_t14. Temporal bone. --
_tPart IV. Clinical applications. --
_t15. Cone beam computed tomography and maxillofacial diagnosis. --
_t16. Incidental findings on CBCT. --
_t17. Soft tissue hyperdensities. --
_t18. Applications of CBCT in orthodontics. --
_t19. Orthodontic and orthognathic surgery planning and simulation software. --
_t20. Dental implants. --
_t21. Planning and assessment of bone reconstruction for dental implants. --
_t22. Endodontic applications of CBCT. --
_t23. Periodontal disease. --
_t24. CBCT and the diagnosis of temporomandibular joint disease. --
_t25. CBCT sialography. --
_t26. Image-guided surgical navigation. --
_t27. CBCT-Based image guidance for sinus and skull base surgery. --
_t28. Obstructive sleep apnea hypopnea syndrome. --
_t29. Dental impactions. --
_t30. CBCT Imaging of sinonasal disease. --
_t31. CBCT and additive manufacturing technology.
526 _5Unicoc
546 _aInglés
650 0 _913008
_aTomografía de cabeza
650 0 _913010
_aTomografía computarizada
_vGuías y manuales
650 0 _924
_aDiagnóstico por imágenes
650 0 _911097
_aOdontología digital
658 0 _911722
_aEspecialización en Ortodoncia y Ortopedia Maxilar
700 _913002
_aAngelopoulos, Christos
856 _yAcceso online exclusivo para comunidad Unicoc.
_uhttps://unicoceduco-my.sharepoint.com/:b:/g/personal/direccionbiblioteca_unicoc_edu_co/IQD_rtGy7s7fRp2_7y9PGHJbAUlmYxknWAliv8osILbQJbo
942 _2ddc
_cEBOOK
999 _c10869
_d10869